| 000 | 01181nam0a22002651 4500 | ||
|---|---|---|---|
| 001 | rc\2587192 | ||
| 005 | 20250623122136.0 | ||
| 035 | _a(NLR Aleph) 006751553 | ||
| 090 |
_a5749859 _c5749859 |
||
| 100 | _a20110914d1929 |||y0rusy50 ca | ||
| 101 | 0 | _arus | |
| 102 | _aRU | ||
| 105 | _ay z ||||| | ||
| 200 | 1 |
_aПартийные университеты подполья _e(Капри, 1909 г. Болонья, 1910-11 гг. Лонжюмо, 1911 г.) _fС. Лившиц |
|
| 210 |
_aМосква _cизд-во Всесоюзного о-ва политкаторжан и сс.-поселенцев _d1929 _gкнижная фабрика Центриздата народов СССР |
||
| 215 |
_a144 с. _d18х13 см. |
||
| 225 | 1 |
_aНаучно-популярная библиотека по истории революционного движения в очерках, воспоминаниях и биографиях. 1929 г. _v№ 7 |
|
| 300 | _aОбложка: А. Т[олоконникова] | ||
| 700 | 1 |
_aЛившиц _bС. |
|
| 801 | 0 |
_aRU _bNLR _gpsbo |
|
| 801 | 1 |
_aRU _bELAR _2rusmarc |
|
| 852 |
_aNLR _j74/209(7) |
||
| 942 | _cBOOK | ||
| 980 | _aNB | ||